000 01736cam a22004337a 4500
001 1609
005 20230911124356.0
020 _a9780547242842 (hc.)
020 _a0547242840 (hc.)
020 _a9780547242859 (pbk.)
020 _a0547242859 (pbk.)
040 _aLKR
_cLKR
_dBTCTA
_dDLC
_dFISKH
_beng
050 0 0 _aPZ7.P42583
_bCti 2011
082 0 4 _a[E]
_222
100 1 _aPerez, Monica
245 1 0 _aCurious George and the ice cream surprise /
_cwritten by Monica Perez ; illustrated in the style of H. A. Rey by Mary O'Keefe Young.
246 3 _aMargret and H.A. Rey's Curious George and the ice cream surprise
246 3 0 _aIce cream surprise
260 _aBoston :
_bHoughton Mifflin Harcourt,
_c2011
300 _a11 unnumbred pages :
_bcolor illustrations ;
_c22 cm.
500 _aAt head of title: Margret and H.A. Rey's.
505 _aD
520 _aGeorge is looking for a way to beat the summer heat. Swimming, running through sprinklers, a glass of lemonade--none is able to help George cool off! What George really wants is a sweet, cold treat from the ice cream truck! But will he ever catch it?
521 _a270
_bLexile
521 _aD
_bRaz-Plus
650 0 _aMonkeys
_vJuvenile fiction.
650 0 _aIce cream, ices, etc.
_vJuvenile fiction.
650 1 _aIce cream, ices, etc.
_vFiction.
650 1 _aSummer
_vFiction.
650 1 _aMonkeys
_vFiction.
650 7 _aIce cream, ices, etc.
_vFiction.
_2sears
650 7 _aSummer
_vFiction.
_2sears
650 7 _aMonkeys
_vFiction.
_2sears
700 1 _aYoung, Mary O'Keefe.
700 1 _aRey, Margret.
700 1 _aRey, H. A.
_q(Hans Augusto),
_d1898-1977.
906 _a7
_bcbc
_ccopycat
_d2
_encip
_f20
_gy-gencatlg
942 _2ddc
_cBK
_n0
999 _c1609
_d1609